[Event "XXIX Miedzynarodowy Festiwal Szachowy CRACOVIA-2018 Grupa B"]
[Site "Krakow, Hotel Galaxy, ul. Gesia 22a"]
[Date "2018.12.30"]
[Round "5.23"]
[White "Fronczak, Sebastian"]
[Black "Libura, Julianna"]
[Result "1-0"]
[WhiteElo "1912"]
[BlackElo "1587"]
[PlyCount "83"]
[EventDate "2018.??.??"]

1. e4 c5 2. Nf3 a6 3. c3 Nf6 4. e5 Nd5 5. d4 e6 6. Bc4 d6 7. O-O Be7 8. Nbd2
Nb6 9. Bb3 Nc6 10. Ne4 d5 11. Nxc5 Bxc5 12. dxc5 Nd7 13. Be3 Qe7 14. Re1 Nxc5
15. Bc2 b6 16. Nd4 Bb7 17. Qg4 Qf8 18. Nxc6 Bxc6 19. Bd4 Nd7 20. a4 h5 21. Qg5
g6 22. Qe3 Rb8 23. b4 Qh6 24. Qd3 Bb7 25. Re3 g5 26. Rg3 g4 27. f3 Ke7 28. Rf1
Rbg8 29. f4 h4 30. Re3 g3 31. h3 Kd8 32. c4 dxc4 33. Bxb6+ Ke8 34. Qd6 Nxb6 35.
Qxb6 Bd5 36. Be4 Ke7 37. f5 Bxe4 38. f6+ Kd7 39. Qd6+ Kc8 40. Rxe4 Rd8 41.
Rxc4+ Kb7 42. Rc7+ 1-0

[Event "XXIX Miedzynarodowy Festiwal Szachowy CRACOVIA-2018 Grupa B"]
[Site "Krakow, Hotel Galaxy, ul. Gesia 22a"]
[Date "2018.12.30"]
[Round "5.24"]
[White "Koziorowicz, Michal"]
[Black "Slezinski, Nikodem"]
[Result "1-0"]
[WhiteElo "1872"]
[BlackElo "2074"]
[PlyCount "87"]
[EventDate "2018.??.??"]

1. e4 e5 2. Nf3 Nc6 3. Bb5 Nge7 4. O-O g6 5. c3 Bg7 6. d4 exd4 7. cxd4 d5 8.
exd5 Nxd5 9. Re1+ Be6 10. Bxc6+ bxc6 11. Ng5 O-O 12. Nxe6 fxe6 13. Nd2 Bxd4 14.
Nf3 Bg7 15. Qe2 e5 16. Ng5 Qd7 17. Ne4 Rae8 18. f3 Nf4 19. Bxf4 exf4 20. Rad1
Qf7 21. b3 c5 22. h3 Bd4+ 23. Kh2 Qe6 24. Qb5 Rb8 25. Qa5 Qb6 26. Qa4 Kh8 27.
Qd7 Rbd8 28. Qe7 Rfe8 29. Qf7 Rf8 30. Qe7 Rfe8 31. Qh4 Qe6 32. Rxd4 cxd4 33.
Nf6 Qf7 34. Nxe8 Rxe8 35. Rxe8+ Qxe8 36. Qf6+ Kg8 37. Qxd4 Qe2 38. Qd8+ Kg7 39.
Qxc7+ Kg8 40. Qxa7 Qd2 41. Qb8+ Kg7 42. a4 h5 43. Qe5+ Kh6 44. a5 1-0

[Event "XXIX Miedzynarodowy Festiwal Szachowy CRACOVIA-2018 Grupa B"]
[Site "Krakow, Hotel Galaxy, ul. Gesia 22a"]
[Date "2018.12.30"]
[Round "5.25"]
[White "Gulie, Cosmin"]
[Black "Koloczek, Maciej"]
[Result "1/2-1/2"]
[WhiteElo "2055"]
[BlackElo "1852"]
[PlyCount "152"]
[EventDate "2018.??.??"]

1. b4 e5 2. Bb2 Bxb4 3. Bxe5 Nf6 4. c4 O-O 5. a3 Be7 6. Nf3 d5 7. cxd5 Nxd5 8.
Nc3 c5 9. e3 Be6 10. Nxd5 Bxd5 11. Be2 Nc6 12. Bc3 Bf6 13. O-O Bxc3 14. dxc3
Rc8 15. Qb1 Rc7 16. Rd1 Rd7 17. Qb5 Qa5 18. e4 Be6 19. Rxd7 Qxb5 20. Bxb5 Bxd7
21. Rd1 Be8 22. Rd5 b6 23. Rd6 Na5 24. Bxe8 Rxe8 25. Rd7 a6 26. Ra7 Nc4 27.
Rxa6 f6 28. e5 fxe5 29. Ra4 b5 30. Ra7 e4 31. Nh4 Rd8 32. h3 Rd1+ 33. Kh2 Nd2
34. Kg3 Rc1 35. Kf4 Rxc3 36. Nf5 g6 37. Ra8+ Kf7 38. Nd6+ Kf6 39. Nxb5 g5+ 40.
Kg4 Rb3 41. a4 Rb4 42. Ra6+ Ke5 43. Kxg5 c4 44. Ra8 Nb1 45. Re8+ Kd5 46. Rd8+
Kc6 47. Rc8+ Kd7 48. Rc7+ Ke6 49. Kf4 Rxa4 50. Kxe4 Ra2 51. Rc6+ Ke7 52. Ke3
Rb2 53. Rxc4 Rxb5 54. Rc7+ Kf6 55. Rxh7 Rb3+ 56. Kf4 Rb4+ 57. Kf3 Rb3+ 58. Kg4
Rb4+ 59. f4 Nc3 60. Rh6+ Kf7 61. Rh5 Ne4 62. Ra5 Rb2 63. Re5 Rxg2+ 64. Kf3 Rh2
65. Kxe4 Rxh3 66. Ra5 Rh6 67. Ra7+ Kf8 68. Kf5 Rb6 69. Kg5 Rc6 70. f5 Rb6 71.
Rh7 Kg8 72. Rd7 Kf8 73. Kf4 Ra6 74. Ke5 Rb6 75. Ra7 Rc6 76. Ra8+ Kf7 1/2-1/2

[Event "XXIX Miedzynarodowy Festiwal Szachowy CRACOVIA-2018 Grupa B"]
[Site "Krakow, Hotel Galaxy, ul. Gesia 22a"]
[Date "2018.12.30"]
[Round "5.26"]
[White "Ilandzis, Spyridon"]
[Black "Panek, Bartosz"]
[Result "1/2-1/2"]
[WhiteElo "2052"]
[BlackElo "1871"]
[PlyCount "84"]
[EventDate "2018.??.??"]

1. b3 e5 2. Bb2 Nc6 3. e3 Nge7 4. c4 d5 5. cxd5 Nxd5 6. a3 Bd6 7. d3 O-O 8. Nf3
f5 9. Nbd2 Qe7 10. Qc2 Kh8 11. Nc4 e4 12. Nxd6 cxd6 13. Nd4 f4 14. Nxc6 bxc6
15. dxe4 fxe3 16. f3 Nf4 17. O-O-O Be6 18. Re1 e2 19. Bxe2 Rab8 20. Bc4 d5 21.
exd5 cxd5 22. g3 dxc4 23. gxf4 Qf7 24. Rhg1 Rg8 25. Qe4 Rxb3 26. Bd4 Qf8 27.
Re2 c3 28. Kd1 Qd8 29. Ke1 c2 30. Rxc2 Bf5 31. Rxg7 Rxg7 32. Qxf5 Rb1+ 33. Ke2
Qxd4 34. Rc8+ Rg8 35. Rxg8+ Kxg8 36. Qxb1 Qxf4 37. Qb3+ Kg7 38. Qb7+ Kf6 39.
Qc6+ Kf7 40. Qd7+ Kf6 41. Qd8+ Kf7 42. Qd5+ Kf6 1/2-1/2

[Event "XXIX Miedzynarodowy Festiwal Szachowy CRACOVIA-2018 Grupa B"]
[Site "Krakow, Hotel Galaxy, ul. Gesia 22a"]
[Date "2018.12.30"]
[Round "5.27"]
[White "Wojciechowski, Beniamin"]
[Black "Jamroz, Krzysztof"]
[Result "1/2-1/2"]
[WhiteElo "1845"]
[BlackElo "2036"]
[PlyCount "76"]
[EventDate "2018.??.??"]

1. e4 c5 2. Nc3 e6 3. Nge2 a6 4. g3 Nc6 5. Bg2 Nge7 6. O-O g6 7. f4 d6 8. d3
Bg7 9. Be3 Nd4 10. Qd2 O-O 11. Rae1 Nec6 12. Nd1 d5 13. c3 Nxe2+ 14. Qxe2 d4
15. Bc1 e5 16. f5 Bd7 17. c4 f6 18. h4 Qc8 19. Bh3 Ne7 20. g4 h6 21. g5 gxf5
22. gxh6 Bh8 23. h7+ Kf7 24. Qh5+ Ke6 25. exf5+ Kd6 26. Nf2 Qe8 27. Ne4+ Kc6
28. Qf3 Kb6 29. Bh6 Bc6 30. Bxf8 Qxf8 31. Kh2 Qh6 32. Qf2 Qxh7 33. Rg1 Bg7 34.
Bg4 Bxe4 35. dxe4 Bh6 36. Qf3 Be3 37. Kh3 Bxg1 38. Rxg1 Rh8 1/2-1/2

[Event "XXIX Miedzynarodowy Festiwal Szachowy CRACOVIA-2018 Grupa B"]
[Site "Krakow, Hotel Galaxy, ul. Gesia 22a"]
[Date "2018.12.30"]
[Round "5.29"]
[White "Wiejaczka, Bartlomiej"]
[Black "Jedynak, January"]
[Result "0-1"]
[WhiteElo "2006"]
[BlackElo "1759"]
[PlyCount "58"]
[EventDate "2018.??.??"]

1. d4 d5 2. Nf3 e6 3. c4 c6 4. e3 Nf6 5. Nc3 Nbd7 6. Bd3 dxc4 7. Bxc4 b5 8. Bd3
a6 9. O-O Bb7 10. Ne4 c5 11. Nxf6+ Nxf6 12. dxc5 Bxc5 13. b3 O-O 14. Bb2 Rc8
15. Qe2 Nd5 16. Rac1 Qe7 17. Rfd1 Ba3 18. Bb1 Bxb2 19. Qxb2 Rfd8 20. Rxc8 Rxc8
21. Rc1 Rxc1+ 22. Qxc1 b4 23. Bd3 Nc3 24. a3 Qc5 25. Qc2 bxa3 26. Bxh7+ Kh8 27.
b4 Qc6 28. Bd3 a2 29. Qb2 Qa4 0-1

[Event "XXIX Miedzynarodowy Festiwal Szachowy CRACOVIA-2018 Grupa B"]
[Site "Krakow, Hotel Galaxy, ul. Gesia 22a"]
[Date "2018.12.30"]
[Round "5.31"]
[White "Slabek, Grzegorz"]
[Black "Gorkiewicz, Mateusz"]
[Result "1/2-1/2"]
[WhiteElo "1967"]
[BlackElo "1838"]
[PlyCount "108"]
[EventDate "2018.??.??"]

1. Nf3 d5 2. d4 Nf6 3. e3 e6 4. Be2 c5 5. O-O Nc6 6. a3 b6 7. b3 Bd6 8. Bb2 O-O
9. Nbd2 Bb7 10. c4 Ne4 11. cxd5 exd5 12. dxc5 Bxc5 13. b4 Bd6 14. Nb3 Rc8 15.
Rc1 Bb8 16. Nbd4 Ne7 17. Qa4 Qd6 18. Rxc8 Rxc8 19. Rc1 Rxc1+ 20. Bxc1 Kf8 21.
Qc2 Qh6 22. Bb2 Qg6 23. Bd3 Qh6 24. a4 Qd6 25. b5 Kg8 26. g3 h6 27. Bf1 Qd7 28.
Ba3 Bd6 29. Bxd6 Qxd6 30. Bd3 Nc5 31. Bf1 Bc8 32. Nh4 Qf6 33. Bg2 Qe5 34. a5
Bb7 35. a6 Bc8 36. h3 Bd7 37. Nhf3 Qd6 38. Bf1 Ng6 39. Nf5 Qf6 40. N3d4 Ne7 41.
Nxe7+ Qxe7 42. h4 Qe5 43. Bg2 g6 44. Qa2 Ne4 45. Nc6 Qc3 46. Qxd5 Qe1+ 47. Kh2
Nf6 48. Ne7+ Kf8 49. Nxg6+ fxg6 50. Qd6+ Kf7 51. Bd5+ Nxd5 52. Qxd7+ Ne7 53.
Kg2 Qb1 54. Qxa7 Qxb5 1/2-1/2

[Event "XXIX Miedzynarodowy Festiwal Szachowy CRACOVIA-2018 Grupa B"]
[Site "Krakow, Hotel Galaxy, ul. Gesia 22a"]
[Date "2018.12.30"]
[Round "5.33"]
[White "Adamczyk, Zuzanna"]
[Black "Konyves, Almos"]
[Result "0-1"]
[WhiteElo "1842"]
[BlackElo "1963"]
[PlyCount "76"]
[EventDate "2018.??.??"]

1. d4 d5 2. Bf4 c5 3. e3 Nc6 4. c3 Nf6 5. Nf3 Qb6 6. Qb3 c4 7. Qc2 Bf5 8. Qc1
Qd8 9. h3 e6 10. Nbd2 h6 11. Be2 Bd6 12. g4 Bh7 13. O-O g5 14. Be5 Bxe5 15.
Nxe5 Nxe5 16. dxe5 Nd7 17. Nf3 Qc7 18. Nd4 Nxe5 19. f4 Nc6 20. Rf2 O-O-O 21. b3
gxf4 22. Nxc6 Qxc6 23. Rxf4 f5 24. bxc4 fxg4 25. cxd5 Qxd5 26. Bxg4 Rhg8 27. c4
Qe5 28. Kf2 Be4 29. a4 h5 30. Bf3 Bxf3 31. Kxf3 Qg5 32. Qf1 e5 33. Rf7 Rd2 34.
Ke4 Qh4+ 35. Kxe5 Re8+ 36. Kf5 Rf2+ 37. Kg6 Qg3+ 38. Kh7 Qg8+ 0-1

[Event "XXIX Miedzynarodowy Festiwal Szachowy CRACOVIA-2018 Grupa B"]
[Site "Krakow, Hotel Galaxy, ul. Gesia 22a"]
[Date "2018.??.??"]
[Round "5.34"]
[White "Dzida, Kamil"]
[Black "Rogala, Milosz"]
[Result "1-0"]
[WhiteElo "1951"]
[BlackElo "1738"]
[PlyCount "91"]
[EventDate "2018.??.??"]

1. e4 e5 2. Nf3 Nc6 3. Bb5 a6 4. Ba4 Nf6 5. O-O Be7 6. Re1 b5 7. Bb3 O-O 8. h3
d6 9. c3 Na5 10. Bc2 c5 11. d4 Qc7 12. Nbd2 Rd8 13. Nf1 Nc4 14. a4 Bb7 15. d5
Nb6 16. a5 Nbd7 17. b3 Bf8 18. g4 g6 19. Ng3 Ne8 20. Be3 Bc8 21. Qd2 Ng7 22.
Kh2 Nf6 23. Rg1 Be7 24. Bh6 Qd7 25. Kh1 Bf8 26. Rg2 Ra7 27. b4 c4 28. Re1 Nfe8
29. Bd1 f6 30. Be3 Rb7 31. Nh2 g5 32. h4 h6 33. Nf5 Nxf5 34. gxf5 Bg7 35. Bh5
Qe7 36. Ng4 Qf8 37. Rh2 Rdd7 38. Bg6 Re7 39. Kg2 Bd7 40. Reh1 Nc7 41. hxg5 hxg5
42. Qe2 Be8 43. Bh7+ Kf7 44. Nh6+ Bxh6 45. Qh5+ Kg7 46. Qxh6+ 1-0

[Event "XXIX Miedzynarodowy Festiwal Szachowy CRACOVIA-2018 Grupa B"]
[Site "Krakow, Hotel Galaxy, ul. Gesia 22a"]
[Date "2018.12.30"]
[Round "5.35"]
[White "Pasti, Anna"]
[Black "Grishchenko, Mihail"]
[Result "1/2-1/2"]
[WhiteElo "1832"]
[BlackElo "1936"]
[PlyCount "102"]
[EventDate "2018.??.??"]

1. e4 e6 2. d4 d5 3. Nc3 Nf6 4. e5 Nfd7 5. Nce2 c5 6. c3 Nc6 7. f4 Qb6 8. Nf3
f6 9. g3 fxe5 10. fxe5 cxd4 11. cxd4 Bb4+ 12. Bd2 O-O 13. Bg2 Be7 14. Bc3 a5
15. Nf4 Nd8 16. O-O Nf7 17. Kh1 Re8 18. Ng1 Nf8 19. Qe2 Bd7 20. Qf2 Nh6 21. Nh5
Ng6 22. Qd2 Nf5 23. Rf2 Rf8 24. Raf1 h6 25. Nh3 a4 26. g4 Nfh4 27. Nf6+ gxf6
28. exf6 Bxf6 29. Rxf6 Rxf6 30. Rxf6 Kg7 31. Qf2 Be8 32. Nf4 Nxf4 33. Qxf4 Ng6
34. Qf2 a3 35. Bxd5 Qd8 36. Bxb7 axb2 37. Bxb2 Rxa2 38. Rxe6 Bf7 39. d5+ Kg8
40. Qb6 Qg5 41. Rd6 Qxg4 42. Rd8+ Kh7 43. Qd4 Qxd4 44. Bxd4 Rd2 45. Be3 Re2 46.
Rd7 Ne5 47. Re7 Rxe3 48. d6 Re1+ 49. Kg2 Rd1 50. Rxe5 Rxd6 51. Be4+ Bg6 1/2-1/2

[Event "XXIX Miedzynarodowy Festiwal Szachowy CRACOVIA-2018 Grupa B"]
[Site "Krakow, Hotel Galaxy, ul. Gesia 22a"]
[Date "2018.12.30"]
[Round "5.36"]
[White "Mielczarek, Daniel"]
[Black "Alhejab, Meshal"]
[Result "1-0"]
[WhiteElo "1930"]
[BlackElo "1497"]
[PlyCount "43"]
[EventDate "2018.??.??"]

1. Nf3 Nf6 2. d4 d5 3. Bg5 Ne4 4. h4 Nc6 5. e3 Kd7 6. c4 Nxg5 7. Nxg5 Ke8 8.
cxd5 Qxd5 9. Nc3 Qd6 10. Bc4 e6 11. a3 a6 12. Qf3 f6 13. Nce4 Qe7 14. h5 b5 15.
Nxf6+ Kd8 16. Qxc6 gxf6 17. Qxa8 bxc4 18. Rd1 Bg7 19. d5 e5 20. Ne4 f5 21. d6
Qf7 22. d7 1-0

[Event "XXIX Miedzynarodowy Festiwal Szachowy CRACOVIA-2018 Grupa B"]
[Site "Krakow, Hotel Galaxy, ul. Gesia 22a"]
[Date "2018.12.30"]
[Round "5.37"]
[White "Dziewonski, Dariusz"]
[Black "Skurniak, Szymon"]
[Result "1/2-1/2"]
[WhiteElo "1757"]
[BlackElo "1895"]
[PlyCount "66"]
[EventDate "2018.??.??"]

1. c4 e5 2. g3 d6 3. Nc3 Nc6 4. Bg2 Be6 5. d3 Qd7 6. e3 g6 7. Nge2 Bg7 8. b3
Nge7 9. Bb2 O-O 10. O-O f5 11. Kh1 Rae8 12. f4 d5 13. cxd5 Nxd5 14. Nxd5 Bxd5
15. e4 Be6 16. Rc1 fxe4 17. dxe4 Rd8 18. Ba3 Rf7 19. Qc2 Qd2 20. Rfd1 Qxc2 21.
Rxd8+ Nxd8 22. Rxc2 Rd7 23. Kg1 Bg4 24. Kf2 Ne6 25. Bf3 Bxf3 26. Kxf3 Rd3+ 27.
Kf2 exf4 28. gxf4 c6 29. Bc1 Kf7 30. Rd2 Rxd2 31. Bxd2 Bf8 32. Kf3 Bc5 33. Bc3
b5 1/2-1/2

[Event "XXIX Miedzynarodowy Festiwal Szachowy CRACOVIA-2018 Grupa B"]
[Site "Krakow, Hotel Galaxy, ul. Gesia 22a"]
[Date "2018.12.30"]
[Round "5.38"]
[White "Leczek, Weronika"]
[Black "Czaplewska, Klara"]
[Result "0-1"]
[WhiteElo "1771"]
[BlackElo "1890"]
[PlyCount "54"]
[EventDate "2018.??.??"]

1. e4 e5 2. Nf3 Nc6 3. Nc3 Nf6 4. a3 d6 5. Bb5 a6 6. Bxc6+ bxc6 7. d4 exd4 8.
Qxd4 Be7 9. Qc4 Bb7 10. e5 Nd7 11. e6 fxe6 12. Qxe6 Nc5 13. Qc4 d5 14. Qg4 O-O
15. O-O Qd7 16. Qxd7 Nxd7 17. Bg5 Bd6 18. Rfe1 Rae8 19. Bh4 c5 20. Ng5 Ne5 21.
Bg3 h6 22. Nh3 Nc4 23. a4 Rxe1+ 24. Rxe1 d4 25. Bxd6 cxd6 26. b3 Na3 27. Ne4
Nxc2 0-1

[Event "XXIX Miedzynarodowy Festiwal Szachowy CRACOVIA-2018 Grupa B"]
[Site "Krakow, Hotel Galaxy, ul. Gesia 22a"]
[Date "2018.12.30"]
[Round "5.39"]
[White "Cichon, Jakub"]
[Black "Hasterok, Mateusz"]
[Result "0-1"]
[WhiteElo "1558"]
[BlackElo "1884"]
[PlyCount "60"]
[EventDate "2018.??.??"]

1. e4 c5 2. Nf3 Nc6 3. d4 cxd4 4. Nxd4 Nf6 5. Nc3 d6 6. Be3 Ng4 7. Nxc6 bxc6 8.
Bd2 Qb6 9. Qf3 Ne5 10. Qe3 Qxb2 11. Rb1 Qa3 12. f4 Ng4 13. Qf3 e5 14. Bc4 Be7
15. Nb5 Qxf3 16. gxf3 cxb5 17. Bxb5+ Kf8 18. Bc6 Bh4+ 19. Kf1 Ba6+ 20. Kg2 Rc8
21. Bd7 Rxc2 22. Bxg4 Rxd2+ 23. Kh3 Bd8 24. Rb8 Ke7 25. Ra8 Rxa2 26. Rxa7+ Kf6
27. Rd1 Bf1+ 28. Kg3 Rxa7 29. Rxd6+ Ke7 30. fxe5 h5 0-1

[Event "XXIX Miedzynarodowy Festiwal Szachowy CRACOVIA-2018 Grupa B"]
[Site "Krakow, Hotel Galaxy, ul. Gesia 22a"]
[Date "2018.12.30"]
[Round "5.40"]
[White "Nasirov, Ruslan"]
[Black "Vasilenko, Ekaterina"]
[Result "1/2-1/2"]
[WhiteElo "2062"]
[BlackElo "1791"]
[PlyCount "50"]
[EventDate "2018.??.??"]

1. c4 f5 2. d4 Nf6 3. Nf3 d6 4. Nc3 g6 5. Bf4 Bg7 6. h3 O-O 7. Qc2 a5 8. e3 Na6
9. a3 c6 10. Be2 Bd7 11. O-O-O Nc7 12. Rdg1 b5 13. g4 b4 14. Nb1 bxa3 15. bxa3
Nce8 16. Bd3 e6 17. h4 Nxg4 18. h5 e5 19. Bg5 Bf6 20. Rxg4 fxg4 21. hxg6 Bxg5
22. g7 Nxg7 23. Bxh7+ Kh8 24. Bg6+ Kg8 25. Bh7+ Kh8 1/2-1/2

[Event "XXIX Miedzynarodowy Festiwal Szachowy CRACOVIA-2018 Grupa B"]
[Site "Krakow, Hotel Galaxy, ul. Gesia 22a"]
[Date "2018.12.30"]
[Round "5.42"]
[White "Niedbala, Bartlomiej"]
[Black "Manko, Mariya"]
[Result "1-0"]
[WhiteElo "1973"]
[BlackElo "1814"]
[PlyCount "75"]
[EventDate "2018.??.??"]

1. e4 c5 2. Nf3 d6 3. d4 cxd4 4. Nxd4 Nf6 5. Nc3 g6 6. f4 Nc6 7. Nf3 Bg7 8. Bd3
O-O 9. O-O Ng4 10. Qe1 Nf6 11. Be3 Nb4 12. h3 d5 13. e5 Ne8 14. a3 Nxd3 15.
cxd3 Nc7 16. Ne2 Qd7 17. Ned4 b6 18. Qh4 Ne6 19. Rad1 Ba6 20. g4 f6 21. Rf2 Nc5
22. Rfd2 Rac8 23. b4 Ne6 24. Rg2 Rc3 25. f5 Nxd4 26. Bxd4 g5 27. Nxg5 fxg5 28.
Qxg5 Kh8 29. Bxc3 d4 30. Bd2 Bxd3 31. Be3 dxe3 32. Qxe3 Rd8 33. Rgd2 Qd4 34.
Qxd4 Rxd4 35. Rxd3 Rxd3 36. Rxd3 Bxe5 37. Rd7 Bd6 38. f6 1-0

[Event "XXIX Miedzynarodowy Festiwal Szachowy CRACOVIA-2018 Grupa B"]
[Site "Krakow, Hotel Galaxy, ul. Gesia 22a"]
[Date "2018.12.30"]
[Round "5.43"]
[White "Buchta, Agnieszka"]
[Black "Kosturkiewicz, Jacek"]
[Result "1/2-1/2"]
[WhiteElo "1856"]
[BlackElo "1972"]
[PlyCount "65"]
[EventDate "2018.??.??"]

1. e4 c5 2. Nf3 d6 3. d4 cxd4 4. Nxd4 Nf6 5. Nc3 g6 6. Be2 Bg7 7. O-O Nc6 8.
Nb3 O-O 9. Re1 Be6 10. Bg5 Rc8 11. Bf1 Re8 12. Nd5 Bxd5 13. exd5 Na5 14. c3 Nc4
15. Bxc4 Rxc4 16. Qd3 Rc7 17. Bxf6 Bxf6 18. h3 a6 19. Re4 e5 20. dxe6 fxe6 21.
Rd1 d5 22. Re2 Kf7 23. Red2 Qc8 24. Qe3 Ree7 25. Nd4 Rc4 26. Nf3 Kg7 27. Re2
Re4 28. Qd3 Qc4 29. Qxc4 Rxc4 30. Rde1 Kf7 31. Ne5+ Bxe5 32. Rxe5 Kf6 33. R1e2
1/2-1/2

[Event "XXIX Miedzynarodowy Festiwal Szachowy CRACOVIA-2018 Grupa B"]
[Site "Krakow, Hotel Galaxy, ul. Gesia 22a"]
[Date "2018.12.30"]
[Round "5.44"]
[White "Zaboklicki, Zbigniew"]
[Black "Ociepka, Tomasz"]
[Result "0-1"]
[WhiteElo "1742"]
[BlackElo "1907"]
[PlyCount "60"]
[EventDate "2018.??.??"]

1. d4 Nf6 2. Nf3 g6 3. g3 Bg7 4. Bg2 O-O 5. O-O c5 6. c3 Na6 7. Re1 d5 8. Nbd2
b6 9. Ne5 Bb7 10. dxc5 Nxc5 11. Nd3 Nce4 12. f3 Nxd2 13. Bxd2 d4 14. e3 dxe3
15. Bxe3 Nd5 16. Bf2 Qc7 17. Qb3 Rac8 18. Rac1 Rfd8 19. Nb4 e6 20. c4 Nxb4 21.
Qxb4 Rd3 22. Red1 Rcd8 23. Rxd3 Rxd3 24. f4 Bxg2 25. Kxg2 Qd7 26. Rc2 Rd1 27.
Qb3 Qc6+ 28. Qf3 Qd7 29. Qa8+ Bf8 30. b3 Qd3 0-1

[Event "XXIX Miedzynarodowy Festiwal Szachowy CRACOVIA-2018 Grupa B"]
[Site "Krakow, Hotel Galaxy, ul. Gesia 22a"]
[Date "2018.12.30"]
[Round "5.45"]
[White "Seregina, Maria"]
[Black "Kaniak, Justyna"]
[Result "0-1"]
[WhiteElo "1907"]
[BlackElo "1729"]
[PlyCount "98"]
[EventDate "2018.??.??"]

1. f4 d5 2. Nf3 Nf6 3. g3 g6 4. Bg2 Bg7 5. O-O O-O 6. d3 c5 7. c3 Nc6 8. Na3 b6
9. Qe1 Bb7 10. h3 d4 11. g4 Nd5 12. Bd2 Qb8 13. Ng5 Rd8 14. f5 h6 15. Nxf7 Kxf7
16. fxg6+ Kg8 17. g5 hxg5 18. Bxg5 Ne5 19. Be4 Rd6 20. Qh4 Nxg6 21. Qh5 Ne3 22.
Bxb7 Qxb7 23. Bxe3 dxe3 24. Nc4 Re6 25. Qg4 Qc6 26. Rf5 Rf8 27. Raf1 Ref6 28.
Nxe3 Qe6 29. Rxf6 Rxf6 30. Rxf6 Qxg4+ 31. Nxg4 exf6 32. e3 f5 33. Nf2 Bh6 34.
Nd1 Kf7 35. d4 c4 36. b3 b5 37. bxc4 bxc4 38. Kf2 Ke6 39. Nb2 Kd5 40. Na4 Bf8
41. Kg3 Ke4 42. Nb2 Bd6+ 43. Kf2 Kd5 44. Kf3 Ba3 45. Nd1 Bc1 46. Nf2 Nh4+ 47.
Kf4 Ng2+ 48. Kxf5 Nxe3+ 49. Kg6 Bb2 0-1

[Event "XXIX Miedzynarodowy Festiwal Szachowy CRACOVIA-2018 Grupa B"]
[Site "Krakow, Hotel Galaxy, ul. Gesia 22a"]
[Date "2018.12.30"]
[Round "5.46"]
[White "Wasik, Mateusz"]
[Black "Jajte-pachota, Jerzy"]
[Result "0-1"]
[WhiteElo "1693"]
[BlackElo "1905"]
[PlyCount "102"]
[EventDate "2018.??.??"]

1. d4 d5 2. c4 c6 3. e3 Nf6 4. Nf3 e6 5. Bd3 dxc4 6. Bxc4 Nbd7 7. O-O b5 8. Bd3
a6 9. Nc3 Bd6 10. e4 e5 11. Bg5 Bb7 12. dxe5 Nxe5 13. Nxe5 Bxe5 14. f4 Bd4+ 15.
Kh1 Qd7 16. Bxf6 gxf6 17. Qc2 O-O-O 18. e5 Kb8 19. Bf5 Qe7 20. exf6 Qxf6 21.
Be4 h5 22. Rad1 Bxc3 23. Qxc3 Qxc3 24. bxc3 c5 25. Bxb7 Kxb7 26. Kg1 Kc6 27.
Rfe1 Rhe8 28. Rxd8 Rxe1+ 29. Kf2 Rc1 30. Rh8 Rc2+ 31. Kf3 Rxc3+ 32. Ke4 Rc2 33.
Rxh5 Rxg2 34. Rh6+ Rg6 35. Rh7 Re6+ 36. Kf5 Re7 37. Rh6+ Kb7 38. Rd6 c4 39. Rd2
c3 40. Rc2 b4 41. h4 Re6 42. h5 Rh6 43. Rh2 Kc6 44. Ke4 Kc5 45. Kd3 a5 46. f5
Kd5 47. Rh4 Ke5 48. a3 Rd6+ 49. Kc2 Rd2+ 50. Kc1 b3 51. Rh1 Ra2 0-1

[Event "XXIX Miedzynarodowy Festiwal Szachowy CRACOVIA-2018 Grupa B"]
[Site "Krakow, Hotel Galaxy, ul. Gesia 22a"]
[Date "2018.12.30"]
[Round "5.48"]
[White "Shamatava, Nikolozi"]
[Black "Krawczyk, Flawian"]
[Result "1/2-1/2"]
[WhiteElo "1866"]
[BlackElo "1641"]
[PlyCount "63"]
[EventDate "2018.??.??"]

1. d4 Nf6 2. Nf3 g6 3. Bg5 Bg7 4. Nbd2 d6 5. c3 Nc6 6. e4 O-O 7. Be2 h6 8. Be3
Ng4 9. h3 Nxe3 10. fxe3 e5 11. O-O Kh8 12. Qe1 Qe7 13. Bc4 Na5 14. Bd3 a6 15.
d5 b5 16. a4 bxa4 17. Rxa4 Nb7 18. Rxa6 Rb8 19. Ra2 Nc5 20. Bc4 f5 21. Nh4 Kh7
22. exf5 gxf5 23. b4 Nb7 24. Qg3 Qg5 25. Qxg5 hxg5 26. Nxf5 Bxf5 27. Rxf5 Rxf5
28. Bd3 e4 29. Bxe4 Bxc3 30. Bxf5+ Kg7 31. b5 Nc5 32. Ne4 1/2-1/2

[Event "XXIX Miedzynarodowy Festiwal Szachowy CRACOVIA-2018 Grupa B"]
[Site "Krakow, Hotel Galaxy, ul. Gesia 22a"]
[Date "2018.12.30"]
[Round "5.51"]
[White "Dryja, Szymon"]
[Black "Borowski, Przemyslaw"]
[Result "0-1"]
[WhiteElo "1795"]
[BlackElo "1817"]
[PlyCount "118"]
[EventDate "2018.??.??"]

1. Nf3 f5 2. b3 Nf6 3. Bb2 e6 4. d4 c5 5. e3 Nc6 6. c4 cxd4 7. exd4 Bb4+ 8.
Nbd2 O-O 9. Be2 Ne4 10. a3 Nc3 11. Qc2 Nxe2 12. Kxe2 Bd6 13. Rhe1 b6 14. Kf1
Bb7 15. b4 Rc8 16. Rac1 Ne7 17. Ba1 Ng6 18. Qb2 Qf6 19. Ne5 Bxe5 20. dxe5 Qh4
21. Qd4 Qxh2 22. Ke2 Bxg2 23. Kd1 Nf4 24. Rc3 Qh5+ 25. f3 g5 26. Rce3 Qf7 27.
Rg1 Qg7 28. Nb3 h5 29. Qd2 Bh3 30. Rd3 Rxc4 31. Rxd7 Rf7 32. Rxf7 Kxf7 33. Qd7+
Kg8 34. Qd8+ Kh7 35. Rxg5 Qf7 36. Nd2 Rc7 37. Qd4 Nd5 38. Qh4 Kh6 39. Rg1 Bg4
40. fxg4 fxg4 41. Bd4 Qg6 42. Qf2 Qc2+ 43. Ke2 Qf5 44. Rf1 Kg6 45. Qg3 Qg5 46.
Rf8 Kg7 47. Qf2 g3 48. Qf3 g2 49. Rf6 g1=Q 50. Bxg1 Qxe5+ 51. Be3 Nxf6 52. Kd1
Ng4 53. Bf4 Qa1+ 54. Ke2 Rd7 55. Qc6 Qd4 56. Qxe6 Qd3+ 57. Ke1 Qd5 58. Qxd5
Rxd5 59. Ke2 Kg6 0-1

[Event "XXIX Miedzynarodowy Festiwal Szachowy CRACOVIA-2018 Grupa B"]
[Site "Krakow, Hotel Galaxy, ul. Gesia 22a"]
[Date "2018.12.30"]
[Round "5.53"]
[White "Pilch, Anna"]
[Black "Kruczynski, Marek"]
[Result "0-1"]
[WhiteElo "1838"]
[BlackElo "1744"]
[PlyCount "84"]
[EventDate "2018.??.??"]

1. e4 e5 2. Nf3 Qe7 3. Nc3 c6 4. Bc4 d6 5. d4 Bg4 6. dxe5 dxe5 7. h3 Bh5 8. g4
Bg6 9. Bd2 Nd7 10. Qe2 O-O-O 11. O-O-O Ngf6 12. Ne1 Nc5 13. f3 Nfd7 14. Qf2 Kb8
15. Be3 b6 16. Nd3 Nb7 17. a3 Ka8 18. Rd2 Nb8 19. Rhd1 Qc7 20. Kb1 f6 21. Nc1
Bc5 22. Nd3 Bxe3 23. Qxe3 Rd4 24. Ba2 Rhd8 25. Nb4 a5 26. Nd3 Ka7 27. b4 Qe7
28. Kb2 Bf7 29. b5 Bxa2 30. Kxa2 Qf7+ 31. Kb2 Nd6 32. Qf2 Nc4+ 33. Ka1 Qe7 34.
Nb1 Nxd2 35. Qxd2 cxb5 36. Qc3 Kb7 37. Qb3 b4 38. Rc1 Na6 39. h4 Nc7 40. Nd2
Nb5 41. Nc4 Qc7 42. axb4 Qxc4 0-1

[Event "XXIX Miedzynarodowy Festiwal Szachowy CRACOVIA-2018 Grupa B"]
[Site "Krakow, Hotel Galaxy, ul. Gesia 22a"]
[Date "2018.12.30"]
[Round "5.56"]
[White "Furtak, Joanna"]
[Black "Szlosarczyk, Hubert"]
[Result "1/2-1/2"]
[WhiteElo "1888"]
[BlackElo "1600"]
[PlyCount "90"]
[EventDate "2018.??.??"]

1. e4 e6 2. d4 d5 3. Nc3 Bb4 4. e5 c5 5. a3 Bxc3+ 6. bxc3 Nc6 7. Nf3 Bd7 8. Rb1
Qc7 9. Bd3 Nge7 10. O-O h6 11. Re1 c4 12. Bf1 O-O-O 13. a4 g5 14. Nd2 Qa5 15.
Bxc4 Qxc3 16. Bb2 Qa5 17. Bb3 Nf5 18. Nf1 h5 19. Ne3 Nxe3 20. Rxe3 g4 21. c4
Ne7 22. Bc3 Qa6 23. Rc1 Bc6 24. Ba1 Kb8 25. c5 Nf5 26. Rec3 Qa5 27. Rd3 Qc7 28.
Bc3 Rdg8 29. Rb1 h4 30. Kf1 g3 31. fxg3 hxg3 32. h3 Qe7 33. Qd2 Qh4 34. Rf3 Rg4
35. Rd1 Re4 36. Bc2 Ne3+ 37. Rxe3 Qf4+ 38. Rf3 Rxh3 39. Bxe4 Rh1+ 40. Ke2 Qxe4+
41. Re3 Qg4+ 42. Rf3 Qe4+ 43. Qe3 Rxd1 44. Qxe4 dxe4 45. Rxg3 Rd3 1/2-1/2

[Event "XXIX Miedzynarodowy Festiwal Szachowy CRACOVIA-2018 Grupa B"]
[Site "Krakow, Hotel Galaxy, ul. Gesia 22a"]
[Date "2018.12.30"]
[Round "5.57"]
[White "Kalosha, Zhiulien Oleksii"]
[Black "Wilk, Tomasz"]
[Result "0-1"]
[WhiteElo "1795"]
[BlackElo "1911"]
[PlyCount "84"]
[EventDate "2018.??.??"]

1. e4 c5 2. Nf3 Nc6 3. d4 cxd4 4. Nxd4 g6 5. Nc3 Bg7 6. Be3 Nf6 7. Bc4 Qa5 8.
O-O O-O 9. Bb3 d6 10. h3 Bd7 11. Qe2 Rfc8 12. Rad1 Nxd4 13. Bxd4 Nh5 14. Bxg7
Kxg7 15. Rfe1 Nf4 16. Qf3 Qe5 17. Kh1 e6 18. Qg3 Be8 19. Re3 f6 20. Ne2 Nxe2
21. Qxe5 dxe5 22. Rxe2 Rc6 23. c3 b5 24. Red2 a5 25. a3 b4 26. axb4 axb4 27.
cxb4 Rb8 28. Ba4 Rcb6 29. Bxe8 Rxe8 30. Rd7+ Kh6 31. R1d2 Rxb4 32. f3 f5 33.
exf5 exf5 34. Rf7 Rc8 35. Re7 Rc5 36. Rdd7 Rxb2 37. Rxh7+ Kg5 38. Rd6 Rc1+ 39.
Kh2 Rbb1 40. Ra6 Rh1+ 41. Kg3 f4+ 42. Kf2 Rb2# 0-1